LEADER 00621nam a2200169 u 4500 001 991004292738307536 005 20231106133229.0 008 231106s2022 xx r 000 0 eng d 040 $aBibl. Dip.le Aggr. Studi Umanistici - Sez. Filologia Classica$bita 100 1 $aBolisani, Ettore$0198677 245 10$aThesaurus :$bossia breve raccolta di voci e costrutti utili a chi si esercita nella composizione latina /$cEttore Bolisani 250 $a2. ed. riveduta ed ampliata. 260 $aPadova :$bR.A.D.A.R.,$c1950 300 $a114 p. ;$c21 cm. 912 $a991004292738307536 996 $aThesaurus$93579064 997 $aUNISALENTO